00334nam a2200109 a 4500008004100000050001600041245002400057246005700081260005600138300002100194350000900215120416s1967 ||||||||||||||||| || u aTK 7874 Con10aIntegrated Circuits aSponsored jointly by the I.E.E. Electronics Division aKentbThe Institution of Electrical Engineersc1967 avi, 298p. : ill. a0.00